TH WORST WITCH (Record no. 6139)
[ view plain ]
| 000 -LEADER | |
|---|---|
| fixed length control field | 00587nam a22001457a 4500 |
| 020 ## - INTERNATIONAL STANDARD BOOK NUMBER | |
| ISBN | 0-14-131450-8 |
| 082 ## - DEWEY DECIMAL CLASSIFICATION NUMBER | |
| Classification number | 823 |
| Item number | MUR/W |
| 100 ## - MAIN ENTRY--AUTHOR NAME | |
| Personal name | NURPHY, JILL |
| 245 ## - TITLE STATEMENT | |
| Title | TH WORST WITCH |
| 260 ## - PUBLICATION, DISTRIBUTION, ETC. (IMPRINT) | |
| Place of publication | LONDON |
| Name of publisher | PENGUIN BOOKS |
| Year of publication | 2001 |
| 300 ## - PHYSICAL DESCRIPTION | |
| Number of Pages | 107 |
| 520 ## - SUMMARY, ETC. | |
| Summary, etc | The books in the series all focus on Mildred Hubble, a young witch who attends Miss Cackle's Academy for Witches, a school of magic. Although well-intentioned, Mildred's clumsy personality leads the girl to disastrous situations, and she is thus considered the worst student in the school. |
| 650 ## - SUBJECT ADDED ENTRY--TOPICAL TERM | |
| Topical Term | SHORT STORY |
| 942 ## - ADDED ENTRY ELEMENTS (KOHA) | |
| Koha item type | Books |
| Withdrawn status | Lost status | Collection code | Home library | Current library | Shelving location | Date acquired | Source of acquisition | Full call number | Accession Number | Koha item type |
|---|---|---|---|---|---|---|---|---|---|---|
| Fiction | Main Library | Main Library | SHELF 15-K-CHILDREN'S STORYBOOKS | 25/03/2014 | Purchase | 823 MUR/W | 08184 | Books |